Statistiques concernant De droite ou de gauche? - Clic Quiz #7

Cliquez ici pour prendre le quiz!

Statistiques générales

  • Ce quiz a été pris 975 fois
  • Le résultat moyen est 13 sur 15

Statistiques - réponses

HintRéponse% Correct
Louis XIVDroite
96%
La CGTGauche
95%
RedistribuerGauche
95%
Elon MuskDroite
95%
EmmaüsGauche
92%
La sociologieGauche
92%
Macron démissionGauche
92%
James BondDroite
92%
Les monoclesDroite
89%
Danser la valseDroite
87%
NestléDroite
82%
Le JaponDroite
80%
Le néolibéralismeDroite
77%
Le roseGauche
74%
Le monologue d'OtisGauche
68%

Distribution des résultats

Percentile par nombre de réponses

% des personnes avec chaque résultat

Votre développement - résultats

Vous n’avez pas pris ce quiz